Sports Quiz

Random Sports or Olympics Quiz

Boxing Weight Classes Quiz Stats

 Plays Quiz Updated Sep 24, 2020

Support Sporcle.
Go Orange.
Score 0/10 Timer 04:00
18 Plays Today
Weight Range Class % Correct
81-91kgHeavyweight
99.4%
56-60kgLightweight
86.9%
91kg+Super Heavyweight
80.8%
69-75kgMiddleweight
79.4%
64-69kgWelterweight
70.6%
75-81kgLight Heavyweight
63.3%
52-56kgBantamweight
57.8%
49-52kgFlyweight
57%
60-64kgLight Welterweight
26.9%
<48kgLight Flyweight
19%

You're not logged in!

Compare scores with friends on all Sporcle quizzes.
OR
Log In
Forgot?

From the Vault

Actresses by Mega-Title

by MSUKent

Movies 5m
They really should make movies out of these bizarro titles.
Remove Ads.
Support Sporcle.
Get the best of Sporcle when you Go Orange. This ad-free experience offers more features, more stats, and more fun while also helping to support Sporcle. Thank you for becoming a member.

Show Comments

Extras

Top Quizzes Today


Score Distribution

Your Account Isn't Verified!

In order to create a playlist on Sporcle, you need to verify the email address you used during registration. Go to your Sporcle Settings to finish the process.

Report this User

Report this user for behavior that violates our Community Guidelines.

Details: